Регионална библиотека "Любен Каравелов" - Русе

Производителността на труда и развитото социалистическо общество (Запис номер 453823)

MARC детайли
000 -Лидер
Контролно поле с фиксирана дължина nam a22 a 4500
003 - Код на организацията, давaща контролен номер
Контролно поле BLK
005 - Дата и час на последна редакция
Контролно поле 20220420133417.0
008 - Елементи от данни с фиксирана дължина
fixed length control field 220420b bu |||||r|||| 00| | bu d
040 ## - Източник на каталожния запис
Идентификатор на билиотеката - собственик на записа BLK
041 ## - Код за език
Код за езика на текст/звукозапис или на отделно заглавие Български
Код за езика КДБФ Български
080 ## - УДК
Текстов определител УДК Производителност на труда
УДК код - определител по УДК 331.101.6
УДК - код + определител 331.101.6
139 ## - Редно поле
Редна дума Производителността на труда и развитото социалистическо общество
245 ## - Сведения за заглавието
Заглавие Производителността на труда и развитото социалистическо общество
Подзаглавни данни Моногр.
Редно поле (дума) А. Г. Грязнова и др. ; статиите от съв. авт. прев. Магдалена Атанасова
260 ## - Област на издателските данни
9 (RLIN) 211414
Място на издаване, разпространение и проч. София
Име на издателя, разпространителя и проч. Партиздат
Година на издаване 1982
300 ## - Физическа характеристика
Страници 319 с.
Илюстрации и др. с табл.
Размери/Мащаб 20 см
380 ## - Жанр
Жанр Обществени науки
500 ## - Общи забележки
Забележка Други авт.: И. С. Илиев, И. Д. Костов, Г. Я. Маряхин, М. В. Михайлова, М. Г. Назаров, отбелязани на с. 8<br/>Кн. е съвместен труд на бълг. и съв. авт
650 #7 - Допълнително описание по предмет – тема
9 (RLIN) 167981
Основно описание – тема или топоним Производителност на труда - социалистически страни
653 #7 - Ключова дума – ненормативна
9 (RLIN) 196993
Ключова дума социалистическо общество
653 #7 - Ключова дума – ненормативна
9 (RLIN) 194666
Ключова дума производителност на труда
700 ## - Други автори (авторска отговорност)
9 (RLIN) 368678
Лично име Атанасова, Магдалена
Автороска отговорност (Описва отношението между автора и произведението) прев. от рус.
852 ## - Местоположение
Форматна сигнатура Цб 117011
Фондова буква Хранилище
999 ## - СИСТЕМНИ КОНТРОЛНИ НОМЕРА
Koha biblionumber 453823
Koha biblioitemnumber 453823
942 ## - АРТИКУЛИ
Вид на библиотечния материал Книги
Скрит в OPAC Не
Периодичен библиозапис Да
944 ## - СЪЗДАВАНЕ И РЕДАКЦИЯ на ЗАПИСА
Създаване/Редакция Създаване
Дата на регистрацията/редакция 2022-04-20
Служител, извършил регистрацията/редакцията Христина Везирева
Наличности
Код за отписване Код за изгубен артикул Източник на класификационната схема Код за повреда Коз за рестрикции Код за отдаване Артикулен № Име на библиотеката - собственик Име на библиотеката, в която се намира в момента Статус (Текущо местоположение) Дата на вписване в системата Местоположение - отдел Цена в лева Инвентарен номер Систематично азбучна сигнатура Баркод Цена в евро Служебен тип на артикула
  Не е изгубен Universal Decimal Classification Не е повреден само за читалня ползва се в читалня 882500 Регионална библиотека "Любен Каравелов" Русе Регионална библиотека "Любен Каравелов" Русе Хранилище 2022-04-26 Хранилище 2.33 361374 Цб 117011 120000361374 1.19 Книги
Vip Innovations Ltd, Rousse, Bulgaria 2025